Historic architecture in Mississippi. (Record no. 20362)

000 -LEADER
fixed length control field 00892cam a2200277 4500
001 - CONTROL NUMBER
control field 4080102
005 - DATE AND TIME OF LATEST TRANSACTION
control field 20170119085823.0
008 - FIXED-LENGTH DATA ELEMENTS--GENERAL INFORMATION
fixed length control field 740221s1973 msua b 001 0 eng
010 ## - LIBRARY OF CONGRESS CONTROL NUMBER
LC control number 72092483
020 ## - INTERNATIONAL STANDARD BOOK NUMBER
International Standard Book Number 0878050221
040 ## - CATALOGING SOURCE
Original cataloging agency DLC
Transcribing agency DLC
Modifying agency DLC
043 ## - GEOGRAPHIC AREA CODE
Geographic area code n-us-ms
050 00 - LIBRARY OF CONGRESS CALL NUMBER
Classification number NA730.M7
Item number C76
100 1# - MAIN ENTRY--PERSONAL NAME
Personal name Crocker, Mary Wallace.
245 10 - TITLE STATEMENT
Title Historic architecture in Mississippi.
260 ## - PUBLICATION, DISTRIBUTION, ETC. (IMPRINT)
Place of publication, distribution, etc. Jackson,
Name of publisher, distributor, etc. University and College Press of Mississippi
Date of publication, distribution, etc. [c1973]
300 ## - PHYSICAL DESCRIPTION
Extent xiii, 194 p.
Other physical details illus.
Dimensions 30 cm.
350 ## - PRICE (NR) (BK AM CF MU VM SE) [OBSOLETE]
Price $12.50
504 ## - BIBLIOGRAPHY, ETC. NOTE
Bibliography, etc Includes bibliographical references.
650 #0 - SUBJECT ADDED ENTRY--TOPICAL TERM
Topical term or geographic name as entry element Architecture
Geographic subdivision Mississippi.
650 #0 - SUBJECT ADDED ENTRY--TOPICAL TERM
Topical term or geographic name as entry element Historic buildings
Geographic subdivision Mississippi.
906 ## - LOCAL DATA ELEMENT F, LDF (RLIN)
a 7
b cbc
c orignew
d 2
e opcn
f 19
g y-gencatlg
942 ## - ADDED ENTRY ELEMENTS (KOHA)
Source of classification or shelving scheme
Koha item type Hard Covered Materials
Classification part NA 730 .M7C76 1973
Holdings
Withdrawn status Lost status Source of classification or shelving scheme Damaged status Not for loan Home library Current library Shelving location Date acquired Source of acquisition Total Checkouts Full call number Barcode Date last seen Price effective from Koha item type
          MACHAKOS UNIVERSITY LIBRARY MACHAKOS UNIVERSITY LIBRARY Technical section 19/01/2017 Donation (B.F.A)   NA 730 .M7C76 1973 29845 23/07/2018 19/01/2017 Hard Covered Materials
© Machakos University Library, Along The Highway, Machakos Wote Rd, Machakos, Kenya P.O. Box 136 - 90100 Machakos - Kenya

Tel: ( +254 ) 723 805829 OR Fax : 044-20353 OR Email: library@mksu.ac.ke